000 00584nam a2200241Ia 4500
003 OSt
005 20220916111027.0
006 a|||||r|||| 00| 0
007 ta
008 220915b |||||||| |||| 00| 0 eng d
024 _a123367
037 _cTextbook
040 _beng
_aARTS
_cARTS
041 _aeng
082 _aV613:1:N6, K71
100 _aHaw Richard C
245 0 _aRhodesia :The jewel of Africa
250 _a3rd
260 _aNA
_bNA
650 _aHISTORY
942 _hV613:1:N6, K71
_cTB
_2CC
999 _c103800
_d103800